Čistá energia
Saved in:
| Main Author: | |
|---|---|
| Other Authors: | , , , |
| Format: | Book |
| Language: | Slovak |
| Published: |
Košice
Gamajun
2025
|
| Edition: | 1. vydanie |
| Subjects: | |
| Tags: |
No Tags, Be the first to tag this record!
|
MARC
| LEADER | 00000nam a2200000 4500 | ||
|---|---|---|---|
| 001 | 0313971 | ||
| 005 | 20260113110544.8 | ||
| 020 | |a 978-80-974521-4-8 | ||
| 041 | 0 | |a slo | |
| 044 | |a SK | ||
| 245 | 1 | 0 | |a Čistá energia |c Vojtech Ferencz, Jaroslav Dugas, Martin Bosák ; recenzenti: Petr Suchánek, Branislav Kršák |
| 250 | |a 1. vydanie | ||
| 264 | 1 | |a Košice |b Gamajun |c 2025 | |
| 300 | |a 284 s. [14,20 AH] | ||
| 610 | 2 | 0 | |a energia |
| 610 | 2 | 0 | |a energetika |
| 610 | 2 | 0 | |a elektrárne |
| 610 | 2 | 0 | |a energia slnečná |
| 610 | 2 | 0 | |a energia vodná |
| 610 | 2 | 0 | |a energia geotermálna |
| 610 | 2 | 0 | |a energia atómová |
| 610 | 2 | 0 | |a biomasa |
| 610 | 2 | 0 | |a zdroje energie obnoviteľné |
| 610 | 2 | 0 | |a zdroje energie prírodné |
| 610 | 2 | 0 | |a fotovoltaika |
| 610 | 2 | 0 | |a legislatíva |
| 100 | 1 | |a Ferencz, Vojtech | |
| 700 | 1 | |a Dugas, Jaroslav, 1967- | |
| 700 | 1 | |a Bosák, Martin, 1967- | |
| 700 | 1 | |a Suchánek, Petr | |
| 700 | 1 | |a Kršák, Branislav | |